Wild oceans: a pop-up book with revolutionary technology

সংরক্ষণ করুন:
গ্রন্থ-পঞ্জীর বিবরন
প্রধান লেখক: Santoro, Lucio (Author), Santoro, Meera (Author)
বিন্যাস: গ্রন্থ
ভাষা:ইংরেজি
প্রকাশিত: Nueva York Little Simon 2010
বিষয়গুলি:
ট্যাগগুলো: ট্যাগ যুক্ত করুন
কোনো ট্যাগ নেই, প্রথমজন হিসাবে ট্যাগ করুন!

MARC

LEADER 00000cam a2200000 a 4500
001 UCE1244
003 CL-VaPUC
008 140407e20100000us |||||||||||||||||eng|d
020 |a 9781416984672 
082 0 4 |a 736.98  |b SAN  |2 21 
100 0 |a Santoro, Lucio  |e author  |9 573583 
700 0 |a Santoro, Meera  |e author  |9 573584 
245 1 0 |a Wild oceans: a pop-up book with revolutionary technology 
300 |a pág. irreg 
942 |c BK 
945 |d 20140407 11:30:00  |a cmena 
260 |a Nueva York  |b Little Simon  |c 2010 
650 7 |a POP-UP  |2 CL-VaPUC  |9 573585 
650 7 |a TRABAJO EN PAPEL  |2 CL-VaPUC  |9 492958 
650 7 |a DISEÑO DE LIBROS  |2 CL-VaPUC  |9 573586 
650 0 |a Diseño gráfico  |9 266874 
650 7 |a DISEÑO TRIDIMENSIONAL  |2 CL-VaPUC  |9 573587 
650 0 |a Libros  |9 334511 
650 0 |a Fauna marina  |9 261231 
583 |a last modification  |c 20151207 12:17:29  |k Rodrigo Vera 
999 |c 355100  |d 355098 
952 |0 0  |1 0  |3 erd  |4 0  |6 736_980000000000000_SAN_2010  |7 0  |8 F  |9 461482  |a BIBARQ  |b BIBARQ  |i 2109840  |l 12  |o 736.98 SAN 2010  |p 2109840  |r 2025-01-20  |s 2024-08-09  |w 2019-11-23  |y BK_F  |z Catalogado en:20140407  |k ARQ